| 000 | 00657nam a2200241Ia 4500 | ||
|---|---|---|---|
| 003 | OSt | ||
| 005 | 20221005032044.0 | ||
| 006 | a|||||r|||| 00| 0 | ||
| 007 | ta | ||
| 008 | 221004b |||||||| |||| 00| 0 tam d | ||
| 024 | _a64354 | ||
| 037 | _cTextual | ||
| 040 |
_aCRL _cCRL _btam |
||
| 041 |
_2tam _atam |
||
| 082 | _aO31,3NJE,12, K2;K4;1 | ||
| 100 |
_aJegasirpian Au. _9584747 |
||
| 245 | 0 | _aSorkkathin Nizhal | |
| 260 |
_aChennai _bVaanathi Pathippagam India _c1964 |
||
| 300 |
_a616p. _ccm. |
||
| 650 | _aTAMIL LITERATURE | ||
| 942 |
_hO31,3NJE,12, K2;K4;1 _cTEXL _2cc |
||
| 999 |
_c939032 _d939032 |
||